Timeless truths : (Record no. 5268)

MARC details
000 -LEADER
fixed length control field 00547nam a22001697a 4500
003 - CONTROL NUMBER IDENTIFIER
control field OSt
005 - DATE AND TIME OF LATEST TRANSACTION
control field 20251029024054.0
008 - FIXED-LENGTH DATA ELEMENTS--GENERAL INFORMATION
fixed length control field 251029b |||||||| |||| 00| 0 eng d
020 ## - INTERNATIONAL STANDARD BOOK NUMBER
International Standard Book Number 998-971-581-275-7
040 ## - CATALOGING SOURCE
Original cataloging agency DWCL - Main Lib
Transcribing agency OC
082 ## - DEWEY DECIMAL CLASSIFICATION NUMBER
Classification number Fil. 248.8 T582 2017
245 ## - TITLE STATEMENT
Title Timeless truths :
Remainder of title A guide to a better life /
260 ## - PUBLICATION, DISTRIBUTION, ETC.
Place of publication, distribution, etc. Manila, Philippines :
Name of publisher, distributor, etc. Philippine Publishing House,
Date of publication, distribution, etc. c2017.
300 ## - PHYSICAL DESCRIPTION
Extent 120+ pages :
Other physical details colored illustrations ;
Dimensions 19cm.
501 ## - WITH NOTE
With note Christian Observance in life
942 ## - ADDED ENTRY ELEMENTS (KOHA)
Source of classification or shelving scheme Dewey Decimal Classification
Koha item type Book-Filipiniana
Call number suffix Fil.
Suppress in OPAC No
952 ## - LOCATION AND ITEM INFORMATION (KOHA)
--
Holdings
Withdrawn status Lost status Source of classification or shelving scheme Damaged status Not for loan Home library Current library Shelving location Date acquired Source of acquisition Total Checkouts Full call number Barcode Date last seen Copy number Price effective from Koha item type Uniform Resource Identifier
    Dewey Decimal Classification     Junior High School Library Junior High School Library Filipiniana 11/07/2024 School Fund   Fil. 248.8 T582 2017 JHS - 21358 10/29/2025 c1 10/29/2025 BK - FIL